000 00368nam a2200145Ia 4500
005 20250423095918.0
008 250422s9999 xx 000 0 und d
020 _a9789789584468
050 _aKP 77 .I5/
100 _aIjaiya, Olasunknmi Hakeem.
245 0 _aJudicial approach to Interpretation of constitutrion
260 _c2018
300 _a194 p
942 _cBK
999 _c31708
_d31708